[Event "Aimchess US Rapid Prelim"]
[Site "chess24.com INT"]
[Date "2021.08.29"]
[Round "8.2"]
[White "Naroditsky, Daniel"]
[Black "Le, Quang Liem"]
[Result "1-0"]
[WhiteTitle "GM"]
[BlackTitle "GM"]
[WhiteElo "2623"]
[BlackElo "2709"]
[WhiteFideId "2026961"]
[BlackFideId "12401137"]
[EventDate "2021.08.28"]

1. b3 d5 2. Bb2 Bf5 3. d3 Nf6 4. Nd2 e6 5. g3 h6 6. Bg2 Bh7 7. e4 a5 8. a3 a4 9.
b4 c5 10. exd5 cxb4 11. dxe6 bxa3 12. Bxa3 Bxa3 13. Rxa3 Qe7 14. Nc4 Ra6 15. Ne2
b5 16. Qb1 Qc5 17. d4 Qxc4 18. Rc3 Qxe6 19. Qxb5+ Ke7 20. Re3 Ne4 21. Bxe4 Bxe4
22. d5 Qb6 23. Rxe4+ Kd6 24. Qxb6+ Rxb6 25. Nc3 a3 26. Kd2 Ra6 27. Ra1 Nd7 28.
Ra4 Rxa4 29. Nxa4 Ne5 30. f4 Nc4+ 31. Kc3 Rc8 32. Kd4 Nb2 33. Nb6 Rxc2 34. Rxa3
Rd2+ 35. Ke4 Re2+ 36. Kf3 Rc2 37. Ra7 Rc7 38. Ra6 Rb7 39. Ke4 Kc5 40. Nc8 Rb4+
41. Kf3 Kxd5 42. Ne7+ Kc4 43. Nf5 Rb3+ 44. Kg4 h5+ 45. Kh4 Nd3 46. Nxg7 Rb2 47.
h3 Rh2 48. Nxh5 Nf2 49. g4 Rxh3+ 50. Kg5 Rh1 51. Ra7 Ne4+ 52. Kf5 Re1 53. Ra4+
Kd3 54. Ra3+ Kd4 55. Ra4+ Kd3 56. Ra6 Kd4 57. g5 Kc5 58. Ng7 Nd6+ 59. Kf6 Rf1
60. Rxd6 Kxd6 61. f5 Ra1 62. Kxf7 Ke5 63. f6 Ra6 64. Kg6 Kf4 65. Kh6 Ke5 66. Kg6
Kf4 67. Nh5+ Kg4 68. Kh6 Ra5 69. f7 Rxg5 70. Nf6+ Kf5 71. Nh7 Rg6+ 72. Kh5 1-0

[Event "Aimchess US Rapid Prelim"]
[Site "chess24.com INT"]
[Date "2021.08.29"]
[Round "8.4"]
[White "Vachier-Lagrave, Maxime"]
[Black "So, Wesley"]
[Result "1/2-1/2"]
[WhiteTitle "GM"]
[BlackTitle "GM"]
[WhiteElo "2751"]
[BlackElo "2772"]
[WhiteFideId "623539"]
[BlackFideId "5202213"]
[EventDate "2021.08.28"]

1. e4 e5 2. Nf3 Nc6 3. Bc4 Nf6 4. d3 Bc5 5. c3 O-O 6. O-O d6 7. Re1 h6 8. Nbd2
a6 9. a4 Ba7 10. h3 Re8 11. b4 Be6 12. Bxe6 Rxe6 13. Qc2 Qd7 14. Rb1 b5 15. Ra1
Ree8 16. Nf1 d5 17. Ng3 Rad8 18. Nf5 Qe6 19. axb5 axb5 20. Be3 Bxe3 21. Nxe3
dxe4 22. dxe4 Ne7 23. Ra5 c6 24. c4 Rb8 25. c5 Rbd8 26. Kh2 Nh7 27. Nf5 Nxf5 28.
exf5 Qd5 29. Raa1 Ng5 30. Nxe5 Qd4 31. Ng4 Qxb4 32. Rxe8+ Rxe8 33. f6 Qf4+ 34.
g3 Qd4 35. Rd1 Nf3+ 36. Kh1 Re1+ 37. Rxe1 Nxe1 38. Qf5 Qd3 39. Qc8+ Kh7 40. Qxc6
Qf1+ 41. Kh2 h5 42. Qe4+ g6 43. Ne5 Qxf2+ 44. Kh1 b4 45. Nxf7 Qf1+ 46. Kh2 Qf2+
47. Kh1 Qf1+ 48. Kh2 Qf2+ 49. Kh1 1/2-1/2

[Event "Aimchess US Rapid Prelim"]
[Site "chess24.com INT"]
[Date "2021.08.29"]
[Round "8.5"]
[White "Dominguez Perez, Leinier"]
[Black "Carlsen, Magnus"]
[Result "1/2-1/2"]
[WhiteTitle "GM"]
[BlackTitle "GM"]
[WhiteElo "2758"]
[BlackElo "2847"]
[WhiteFideId "3503240"]
[BlackFideId "1503014"]
[EventDate "2021.08.28"]

1. e4 d5 2. exd5 Qxd5 3. Nc3 Qa5 4. d4 Nf6 5. Nf3 Bf5 6. Bd2 c6 7. Bc4 Nbd7 8.
Qe2 Qc7 9. O-O-O e6 10. Nh4 Bg6 11. Nxg6 hxg6 12. d5 cxd5 13. Nxd5 Nxd5 14. Bxd5
O-O-O 15. Bf3 Bd6 16. g3 Ne5 17. Bc3 Nxf3 18. Qxf3 f5 19. Qe3 e5 20. Qxa7 Qc6
21. Qa8+ Kd7 22. Qa5 Ke6 23. Rhe1 Bc7 24. Qb4 Rxd1+ 25. Rxd1 Rxh2 26. Qf8 Rh1
27. Be1 Qe4 28. Qxg7 Rxe1 29. Qxg6+ Ke7 30. Qg7+ Ke6 31. Qd7+ Kf6 32. Qxc7 Rxd1+
33. Kxd1 Qd5+ 34. Kc1 Qh1+ 35. Kd2 Qd5+ 36. Kc3 Qf3+ 37. Kb4 Qxf2 38. Qd6+ Kg5
39. Qxe5 Qxc2 40. Qf4+ Kg6 41. Qd4 Kg5 42. a4 Qe4 43. Qxe4 fxe4 44. Kc3 Kg4 45.
Kd2 Kf3 46. Ke1 Kxg3 47. b4 Kf4 48. a5 Ke5 49. b5 Kd5 50. a6 bxa6 51. bxa6 Kc6
52. Ke2 Kb6 53. Ke3 Kxa6 54. Kxe4 1/2-1/2

[Event "Aimchess US Rapid Prelim"]
[Site "chess24.com INT"]
[Date "2021.08.29"]
[Round "8.6"]
[White "Mamedyarov, Shakhriyar"]
[Black "Van Foreest, Jorden"]
[Result "1-0"]
[WhiteTitle "GM"]
[BlackTitle "GM"]
[WhiteElo "2782"]
[BlackElo "2698"]
[WhiteFideId "13401319"]
[BlackFideId "1039784"]
[EventDate "2021.08.28"]

1. d4 d5 2. c4 c6 3. Nc3 Nf6 4. e3 Bf5 5. cxd5 cxd5 6. Qb3 Nc6 7. Qxb7 Bd7 8.
Qb3 Rb8 9. Qd1 e5 10. dxe5 Nxe5 11. Be2 Bd6 12. Nf3 O-O 13. O-O Qe7 14. a4 Rfc8
15. Nd4 Bb4 16. Bd2 Nc4 17. Bxc4 dxc4 18. Qc2 Bd6 19. h3 a6 20. Rae1 Bc5 21. Bc1
Qe5 22. Rd1 h6 23. Rfe1 Qh5 24. Nde2 Qe5 25. e4 g5 26. Nd5 Be6 27. Nec3 Nh5 28.
Qe2 Nf6 29. Kh1 Nxd5 30. Nxd5 Rb3 31. f4 gxf4 32. Bxf4 Qxb2 33. Qh5 Qg7 34. Bxh6
Qg6 35. Qh4 Bxd5 36. Rxd5 Rg3 37. Red1 Bf8 38. Rd8 1-0

[Event "Aimchess US Rapid Prelim"]
[Site "chess24.com INT"]
[Date "2021.08.29"]
[Round "8.7"]
[White "Artemiev, Vladislav"]
[Black "Aronian, Levon"]
[Result "1-0"]
[WhiteTitle "GM"]
[BlackTitle "GM"]
[WhiteElo "2704"]
[BlackElo "2782"]
[WhiteFideId "24101605"]
[BlackFideId "13300474"]
[EventDate "2021.08.28"]

1. d4 Nf6 2. c4 e6 3. Nf3 d5 4. Nc3 Bb4 5. e3 c5 6. cxd5 Nxd5 7. Bd2 O-O 8. Bd3
Nc6 9. O-O Nf6 10. a3 cxd4 11. exd4 Be7 12. Be3 b6 13. Qe2 Bb7 14. Rad1 Rc8 15.
Rfe1 Qc7 16. Bg5 Rfd8 17. Bb1 Na5 18. Ne5 Qd6 19. Bxf6 Bxf6 20. Bxh7+ Kf8 21.
Qh5 Rc7 22. Be4 Ba6 23. Bb1 g6 24. Bxg6 fxg6 25. Nxg6+ Kg7 26. Ne4 Qd5 27. Nf4
Qxh5 28. Nxh5+ Kf7 29. Nhxf6 Rc2 30. d5 exd5 31. Nxd5 Nc6 32. Ng5+ Kg6 33. Ne6
Rh8 34. Ndf4+ Kf6 35. Rd6 Re8 36. Nd4+ 1-0

[Event "Aimchess US Rapid Prelim"]
[Site "chess24.com INT"]
[Date "2021.08.29"]
[Round "8.8"]
[White "Giri, Anish"]
[Black "Liang, Awonder"]
[Result "1/2-1/2"]
[WhiteTitle "GM"]
[BlackTitle "GM"]
[WhiteElo "2776"]
[BlackElo "2587"]
[WhiteFideId "24116068"]
[BlackFideId "2056437"]
[EventDate "2021.08.28"]

1. d4 d5 2. c4 c6 3. Nf3 Nf6 4. Nc3 dxc4 5. a4 Bf5 6. e3 e6 7. Bxc4 Bb4 8. O-O
O-O 9. Qe2 Bg6 10. Ne5 Nbd7 11. Nxg6 hxg6 12. Rd1 Qc7 13. g3 Rad8 14. Qc2 a5 15.
Na2 Be7 16. Bd2 e5 17. Rac1 Kh8 18. Be1 exd4 19. exd4 Qb6 20. Rd3 c5 21. Re3 Bd6
22. d5 Ne5 23. b3 Bc7 24. Rd1 Nfg4 25. Rc3 f5 26. Bf1 f4 27. Bg2 Bd6 28. Nc1 c4
29. bxc4 Bc5 30. Rd2 Rde8 31. Be4 g5 32. d6 Bxd6 33. gxf4 Rxf4 34. Rh3+ Nh6 35.
Re2 Ref8 36. Nd3 Nxd3 37. Qxd3 Bc5 38. Qg3 Re8 39. Qg2 Qe6 40. Bd3 Qd7 41. Rxe8+
Qxe8 42. Kf1 Qd7 43. Be2 Qf5 44. Rd3 Rd4 45. Rxd4 Bxd4 46. Qxb7 Ng4 47. Qb8+ Kh7
48. Qg3 Ne5 49. Bxa5 g4 50. Be1 Nf3 51. c5 Bxc5 52. Bxf3 gxf3 53. Kg1 Qe4 54.
Qh3+ Kg6 55. Qf1 Bd6 56. Kh1 Bxh2 57. Kxh2 Qf4+ 58. Kh3 Kh5 59. Qb5+ g5 60. Qe8+
Kh6 61. Qh8+ Kg6 62. Qg8+ Kh6 63. Qe6+ Kh5 64. Qe8+ Kh6 65. Qh8+ Kg6 66. Qg8+
Kh6 67. Qh8+ 1/2-1/2

[Event "Aimchess US Rapid Prelim"]
[Site "chess24.com INT"]
[Date "2021.08.29"]
[Round "9.1"]
[White "Liang, Awonder"]
[Black "Duda, Jan-Krzysztof"]
[Result "0-1"]
[WhiteTitle "GM"]
[BlackTitle "GM"]
[WhiteElo "2587"]
[BlackElo "2738"]
[WhiteFideId "2056437"]
[BlackFideId "1170546"]
[EventDate "2021.08.28"]

1. e4 c6 2. Nc3 d5 3. Nf3 Bg4 4. Be2 Nf6 5. e5 Nfd7 6. d4 e6 7. h3 Bf5 8. g4 Bg6
9. h4 h5 10. gxh5 Bxh5 11. Ng5 Bxe2 12. Qxe2 Bb4 13. Qf3 Qe7 14. Bd2 f6 15. exf6
gxf6 16. Nh3 Rxh4 17. Qg3 Qh7 18. O-O-O Na6 19. Rde1 O-O-O 20. Rxe6 Nc7 21. Re3
Rg8 22. Qf3 Rh8 23. Ne2 Bd6 24. a3 f5 25. Bb4 f4 26. Rc3 Bxb4 27. axb4 Nb5 28.
Rd3 Qe4 29. Kd2 Nd6 30. b3 Kc7 31. Rh2 Nf8 32. Neg1 Ne6 33. Rg2 Qf5 34. Kc1 Nb5
35. c3 Kb6 36. Kd2 Ra8 37. Qe2 a5 38. Qe5 Qxe5 39. dxe5 axb4 40. cxb4 Rh5 41.
Rg6 Rxe5 42. Nf3 Ra2+ 43. Kd1 Ree2 44. Nhg1 Rxf2 45. Ke1 Nec7 46. Nd2 Rh2 47.
Ne2 Ra1+ 0-1

[Event "Aimchess US Rapid Prelim"]
[Site "chess24.com INT"]
[Date "2021.08.29"]
[Round "9.3"]
[White "Van Foreest, Jorden"]
[Black "Artemiev, Vladislav"]
[Result "0-1"]
[WhiteTitle "GM"]
[BlackTitle "GM"]
[WhiteElo "2698"]
[BlackElo "2704"]
[WhiteFideId "1039784"]
[BlackFideId "24101605"]
[EventDate "2021.08.28"]

1. e4 e5 2. Nf3 Nc6 3. Bb5 a6 4. Ba4 Nf6 5. O-O Be7 6. Re1 b5 7. Bb3 d6 8. c3
O-O 9. d4 Bg4 10. Be3 exd4 11. cxd4 Na5 12. Nbd2 c5 13. Bc2 cxd4 14. Bxd4 Nc6
15. Be3 Rc8 16. h3 Bh5 17. g4 Bg6 18. Nd4 Nxd4 19. Bxd4 d5 20. Bb1 dxe4 21. Nxe4
Nxe4 22. Bxe4 Rc4 23. Bxg6 Rxd4 24. Qe2 Bb4 25. Bc2 Bxe1 26. Rxe1 Rd2 27. Qe4
Qh4 0-1

[Event "Aimchess US Rapid Prelim"]
[Site "chess24.com INT"]
[Date "2021.08.29"]
[Round "9.4"]
[White "Carlsen, Magnus"]
[Black "Mamedyarov, Shakhriyar"]
[Result "1/2-1/2"]
[WhiteTitle "GM"]
[BlackTitle "GM"]
[WhiteElo "2847"]
[BlackElo "2782"]
[WhiteFideId "1503014"]
[BlackFideId "13401319"]
[EventDate "2021.08.28"]

1. d4 d5 2. Nf3 Nf6 3. Bf4 Bf5 4. e3 e6 5. c4 Bb4+ 6. Nbd2 c5 7. cxd5 Qxd5 8. a3
Bxd2+ 9. Qxd2 Nc6 10. dxc5 Qxc5 11. b4 Qb6 12. Be2 O-O 13. O-O Rfd8 14. Qb2 Bd3
15. Rac1 Rd5 16. Bxd3 Rxd3 17. Ne5 Nxe5 18. Bxe5 Ne8 19. a4 Rd5 20. h3 Qa6 21.
e4 Rdd8 22. Qb3 b5 23. a5 Qb7 24. Rc5 Rac8 25. Rxc8 Rxc8 26. Qe3 Rc4 27. Rd1 f6
28. Bd4 Qd7 29. Qd2 Nc7 30. Bxa7 Qxd2 31. Rxd2 Na6 32. Be3 Nxb4 33. Rd7 Rxe4 34.
Rb7 h6 35. Rxb5 Nd5 36. a6 Ra4 37. a7 Nxe3 38. Rb8+ Kf7 39. a8=Q Rxa8 40. Rxa8
Nd5 41. Ra7+ Kg6 42. g3 h5 43. Kg2 f5 44. h4 Kf6 45. Kf3 e5 46. Ra6+ Kf7 47. Ke2
g6 48. Ra5 Ke6 49. Kd3 Nf6 50. Ra6+ Kf7 51. Ra7+ Kf8 52. f3 e4+ 53. Ke3 exf3 54.
Kxf3 Nd5 55. Ke2 Ne7 56. Ke3 Nd5+ 57. Kd4 Nf6 58. Ke5 Ne4 59. Rd7 Kg8 60. g4
hxg4 61. h5 g3 62. h6 Kh8 63. Rg7 g5 64. Ra7 g2 65. Ra1 Kh7 66. Rg1 Kxh6 67.
Kxf5 Ng3+ 68. Kg4 Nh5 69. Rxg2 Kg6 70. Kf3 Nf6 71. Rxg5+ Kxg5 1/2-1/2

[Event "Aimchess US Rapid Prelim"]
[Site "chess24.com INT"]
[Date "2021.08.29"]
[Round "9.5"]
[White "So, Wesley"]
[Black "Dominguez Perez, Leinier"]
[Result "1-0"]
[WhiteTitle "GM"]
[BlackTitle "GM"]
[WhiteElo "2772"]
[BlackElo "2758"]
[WhiteFideId "5202213"]
[BlackFideId "3503240"]
[EventDate "2021.08.28"]

1. c4 c5 2. g3 g6 3. Bg2 Bg7 4. Nc3 Nc6 5. Nf3 d6 6. O-O Bg4 7. h3 Bxf3 8. Bxf3
e6 9. d3 Nge7 10. Bd2 O-O 11. a3 d5 12. cxd5 exd5 13. Rb1 Qd7 14. Bg2 Rad8 15.
b4 c4 16. b5 Nd4 17. Bg5 h6 18. Bxe7 Qxe7 19. e3 Nf3+ 20. Bxf3 Bxc3 21. dxc4
dxc4 22. Qa4 Qc5 23. Rbc1 Rd3 24. Be4 Rxe3 25. fxe3 Qxe3+ 26. Kh2 Be5 27. Bf3
Qg5 28. Rg1 Bxg3+ 29. Kh1 Qh4 30. Bg2 Be5 31. Qc2 c3 32. Qe2 Qg3 33. Bf1 Qf4 34.
Re1 Bd6 35. Rg4 Qf6 36. Bg2 Rc8 37. Rf1 Qe5 38. Qxe5 Bxe5 39. Be4 Rc5 40. a4 Kg7
41. Bc2 h5 42. Rg5 b6 43. Rd1 Kh6 44. Rg2 Rc4 45. Rf2 f5 46. Re2 Rc5 47. Rd7 h4
48. Rxa7 Kg5 49. Rb7 Kf4 50. Rxb6 Kf3 51. Bd1 Kf4 52. Rxg6 Rd5 53. Bb3 Rd3 54.
Kg2 1-0

[Event "Aimchess US Rapid Prelim"]
[Site "chess24.com INT"]
[Date "2021.08.29"]
[Round "9.6"]
[White "Vidit, Santosh Gujrathi"]
[Black "Vachier-Lagrave, Maxime"]
[Result "1/2-1/2"]
[WhiteTitle "GM"]
[BlackTitle "GM"]
[WhiteElo "2726"]
[BlackElo "2751"]
[WhiteFideId "5029465"]
[BlackFideId "623539"]
[EventDate "2021.08.28"]

1. Nf3 c5 2. c4 Nf6 3. Nc3 Nc6 4. g3 d5 5. d4 cxd4 6. Nxd4 dxc4 7. Nxc6 Qxd1+ 8.
Nxd1 bxc6 9. Bg2 Nd5 10. Ne3 Ba6 11. Nxd5 cxd5 12. Bxd5 Rc8 13. Bd2 e6 14. Bf3
Bc5 15. Bc3 f6 16. O-O Ke7 17. Rfc1 Rc7 18. b4 Bd6 19. a4 Bb7 20. Bxb7 Rxb7 21.
b5 Rc8 22. Rc2 a6 23. bxa6 Ra7 24. a5 Rxa6 25. Bd4 Be5 26. Bxe5 fxe5 27. Ra4 c3
28. Ra3 Rc5 29. Raxc3 Rxc3 30. Rxc3 Rxa5 31. Rc7+ Kf6 32. g4 Ra4 33. h3 h5 34.
gxh5 Rh4 35. Kg2 Rxh5 36. e4 Rg5+ 37. Kf3 Rh5 38. Kg3 Rg5+ 39. Kf3 Rh5 40. Kg3
Rg5+ 41. Kf3 1/2-1/2

[Event "Aimchess US Rapid Prelim"]
[Site "chess24.com INT"]
[Date "2021.08.29"]
[Round "10.1"]
[White "Duda, Jan-Krzysztof"]
[Black "Naroditsky, Daniel"]
[Result "1-0"]
[WhiteTitle "GM"]
[BlackTitle "GM"]
[WhiteElo "2738"]
[BlackElo "2623"]
[WhiteFideId "1170546"]
[BlackFideId "2026961"]
[EventDate "2021.08.28"]

1. d4 Nf6 2. c4 g6 3. Nc3 Bg7 4. e4 d6 5. f3 O-O 6. Be3 c5 7. d5 e6 8. Qd2 exd5
9. cxd5 a6 10. a4 Re8 11. Be2 h5 12. h4 Nh7 13. g3 f5 14. Nh3 fxe4 15. Nxe4 Bf5
16. Nf4 Nf8 17. Ne6 Nxe6 18. dxe6 Bxe6 19. Nxd6 Re7 20. Bxc5 Nc6 21. Kf2 Rd7 22.
Rad1 Nd4 23. Nxb7 Rxb7 24. Bxd4 Rd7 25. Qe3 Bxd4 26. Rxd4 Rxd4 27. Qxe6+ Kg7 28.
Rc1 Qd6 29. Qxd6 Rxd6 30. Rc7+ Kf6 31. Bc4 Rd2+ 32. Ke3 Rxb2 33. Rc6+ Kg7 34.
Bd5 Rf8 35. Rxa6 Rb4 36. Kd3 Rb1 37. Be4 Rf6 38. Rxf6 Kxf6 39. Kc4 Rc1+ 40. Kb4
Rg1 41. a5 Rg2 42. a6 Ra2 43. Kb5 Ke5 44. Bxg6 Kd6 45. Bxh5 Rb2+ 46. Kc4 Ra2 47.
Kd4 Rxa6 48. Bg6 Ra4+ 49. Ke3 Ke5 50. f4+ Kf6 51. Bd3 Ra1 52. g4 Rh1 53. h5 Rh3+
54. Ke4 Rg3 55. Be2 Rg1 56. Kf3 Rh1 57. g5+ Ke6 58. Bc4+ Ke7 59. Kg4 Kf8 60. h6
Rc1 61. Be6 Re1 62. Kf5 Rh1 63. Kf6 Rh4 64. f5 Rh3 65. Kg6 Rh4 66. Kh7 Ke7 67.
g6 Kf6 68. g7 1-0

[Event "Aimchess US Rapid Prelim"]
[Site "chess24.com INT"]
[Date "2021.08.29"]
[Round "10.3"]
[White "Vachier-Lagrave, Maxime"]
[Black "Le, Quang Liem"]
[Result "1-0"]
[WhiteTitle "GM"]
[BlackTitle "GM"]
[WhiteElo "2751"]
[BlackElo "2709"]
[WhiteFideId "623539"]
[BlackFideId "12401137"]
[EventDate "2021.08.28"]

1. e4 e5 2. Nf3 Nc6 3. Bc4 Nf6 4. d3 Bc5 5. c3 d6 6. O-O h6 7. Re1 O-O 8. Nbd2
Bb6 9. Bb3 Ne7 10. Nc4 c6 11. Nxb6 axb6 12. h3 Ng6 13. d4 b5 14. a3 Re8 15. Bc2
Be6 16. Be3 Qe7 17. Qd2 Nh5 18. Kh2 Rad8 19. a4 bxa4 20. Rxa4 Ra8 21. Rea1 Rxa4
22. Rxa4 Nf6 23. Ra7 Bc8 24. dxe5 Nxe5 25. Nxe5 Qxe5+ 26. Bf4 Nxe4 27. Qe3 Qe6
28. f3 g5 29. Bxe4 gxf4 30. Qxf4 d5 31. Bb1 Qe5 32. Qxe5 Rxe5 33. Ra8 Re8 34.
Kg3 Kf8 35. Kf4 Ke7 36. Bf5 Bd7 37. Ra7 Rb8 38. g4 Be8 39. h4 f6 40. b4 Kd6 41.
Ke3 c5 42. bxc5+ Kxc5 43. Ra5+ Kd6 44. Kd4 Bc6 45. Bg6 b5 46. Ra6 Rc8 47. f4 Kc7
48. Bf5 Rb8 49. Kc5 Be8 50. Rxf6 b4 51. cxb4 Rb5+ 52. Kd4 h5 53. g5 Rxb4+ 54.
Ke5 Kd8 55. Rd6+ Ke7 56. Rxd5 Rb2 57. Rc5 Rh2 58. Rc7+ Kd8 59. Ra7 Rxh4 60. Kd6 1-0

[Event "Aimchess US Rapid Prelim"]
[Site "chess24.com INT"]
[Date "2021.08.29"]
[Round "10.4"]
[White "Dominguez Perez, Leinier"]
[Black "Vidit, Santosh Gujrathi"]
[Result "1-0"]
[WhiteTitle "GM"]
[BlackTitle "GM"]
[WhiteElo "2758"]
[BlackElo "2726"]
[WhiteFideId "3503240"]
[BlackFideId "5029465"]
[EventDate "2021.08.28"]

1. e4 e5 2. Nf3 Nc6 3. Bc4 Bc5 4. c3 Nf6 5. d3 d6 6. Nbd2 O-O 7. h3 Bb6 8. Bb3
Ne7 9. Nc4 Be6 10. Bc2 Bxc4 11. dxc4 Ng6 12. g3 Re8 13. Nh2 Nf8 14. Ng4 Ne6 15.
Qf3 Nd7 16. h4 h5 17. Ne3 g6 18. Nd5 Bc5 19. b4 c6 20. bxc5 cxd5 21. cxd5 Nexc5
22. g4 hxg4 23. Qxg4 Nf6 24. Qf3 Nh5 25. Rg1 Nf4 26. Bxf4 exf4 27. Qxf4 Qa5 28.
Kd2 Rac8 29. Rg3 Re5 30. Rag1 Kg7 31. h5 Rxh5 32. e5 Nd7 33. Bxg6 Qxd5+ 34. Bd3+
Kh8 35. Qg4 Qxa2+ 36. Bc2 Qd5+ 37. Kc1 Qxe5 38. Qg8+ Rxg8 39. Rxg8# 1-0

[Event "Aimchess US Rapid Prelim"]
[Site "chess24.com INT"]
[Date "2021.08.29"]
[Round "10.6"]
[White "Artemiev, Vladislav"]
[Black "Carlsen, Magnus"]
[Result "1/2-1/2"]
[WhiteTitle "GM"]
[BlackTitle "GM"]
[WhiteElo "2704"]
[BlackElo "2847"]
[WhiteFideId "24101605"]
[BlackFideId "1503014"]
[EventDate "2021.08.28"]

1. c4 g6 2. d4 Nf6 3. Nf3 Bg7 4. g3 O-O 5. Bg2 c5 6. Nc3 d5 7. dxc5 dxc4 8. O-O
Qa5 9. Qd4 Nc6 10. Qxc4 Be6 11. Qh4 Qxc5 12. Be3 Qb4 13. Qxb4 Nxb4 14. Bc5 Nbd5
15. Nd4 Nxc3 16. bxc3 Nd5 17. Nxe6 fxe6 18. Rad1 Rac8 19. Bxa7 Rxc3 20. Bxd5
exd5 21. Rxd5 Ra8 22. Be3 Rxa2 23. Rb1 Rxe2 24. Rxb7 Bf6 25. Kf1 Rexe3 26. fxe3
Rxe3 27. Kf2 Ra3 28. Rbd7 h5 29. Rd3 Ra2+ 30. Rd2 Ra3 31. R7d3 Ra1 32. Rd1 Ra4
33. Re1 Bd4+ 34. Kf3 Bf6 35. Re4 Ra2 36. Re2 Ra4 37. Re4 Ra2 38. Re2 Ra4 39. Re4 1/2-1/2

[Event "Aimchess US Rapid Prelim"]
[Site "chess24.com INT"]
[Date "2021.08.29"]
[Round "10.7"]
[White "Giri, Anish"]
[Black "Van Foreest, Jorden"]
[Result "1-0"]
[WhiteTitle "GM"]
[BlackTitle "GM"]
[WhiteElo "2776"]
[BlackElo "2698"]
[WhiteFideId "24116068"]
[BlackFideId "1039784"]
[EventDate "2021.08.28"]

1. d4 Nf6 2. c4 e6 3. Nf3 d5 4. Nc3 Bb4 5. Qa4+ Nc6 6. a3 Bxc3+ 7. bxc3 Ne4 8.
e3 O-O 9. Bd3 Nxc3 10. Qc2 Ne4 11. O-O Na5 12. Ne5 Nf6 13. cxd5 exd5 14. Bd2 c6
15. Rab1 Be6 16. a4 Rb8 17. Rb2 Nc4 18. Nxc4 dxc4 19. Bxc4 Bxc4 20. Qxc4 Qd5 21.
Rc1 Qf5 22. f3 Rfd8 23. a5 h6 24. e4 Qd7 25. Bf4 Rbc8 26. Be5 Ne8 27. Rcb1 b5
28. axb6 axb6 29. Rxb6 Nd6 30. Qc5 Qe6 31. Bxd6 Rxd6 32. d5 Qd7 33. Rc1 f5 34.
Rb7 Qxb7 35. Qxd6 fxe4 36. Qe6+ Kh8 37. dxc6 Qb6+ 38. Kh1 Rd8 39. Qxe4 Qc7 40.
f4 Ra8 41. Qe5 Qxc6 42. Rxc6 1-0

[Event "Aimchess US Rapid Prelim"]
[Site "chess24.com INT"]
[Date "2021.08.29"]
[Round "10.8"]
[White "Liang, Awonder"]
[Black "Aronian, Levon"]
[Result "0-1"]
[WhiteTitle "GM"]
[BlackTitle "GM"]
[WhiteElo "2587"]
[BlackElo "2782"]
[WhiteFideId "2056437"]
[BlackFideId "13300474"]
[EventDate "2021.08.28"]

1. e4 e5 2. Nf3 Nc6 3. Bb5 a6 4. Ba4 Nf6 5. O-O b5 6. Bb3 Bc5 7. c3 d6 8. d4 Bb6
9. a4 Rb8 10. axb5 axb5 11. Qd3 O-O 12. Bg5 h6 13. Bh4 exd4 14. cxd4 g5 15. Bg3
Nh5 16. Kh1 Kg7 17. Nc3 f5 18. exf5 Bxf5 19. Qxb5 Nxd4 20. Nxd4 Bxd4 21. Qc4 c5
22. Nb5 Nxg3+ 23. fxg3 Be5 24. Qe2 Bg6 25. Bc4 Rxf1+ 26. Rxf1 Qd7 27. Nc3 Rf8
28. Rxf8 Kxf8 29. Bd3 Bxd3 30. Qxd3 Qf7 31. h3 Qf2 32. Kh2 c4 33. Ne4 Qf7 34.
Qa3 Qd5 35. Qf3+ Ke7 36. Qf5 Kd8 37. Qf8+ Kc7 38. Nf6 Qe6 39. Ng4 Bxb2 40. Qf2
Be5 41. Qa7+ Kd8 42. Qb6+ Ke7 43. Qc7+ Kf8 44. Qd8+ Kg7 45. Qc7+ Kg6 46. Qc6 Bd4
47. Qf3 h5 48. Nf2 Qf5 0-1

[Event "Aimchess US Rapid Prelim"]
[Site "chess24.com INT"]
[Date "2021.08.30"]
[Round "11.1"]
[White "Aronian, Levon"]
[Black "Duda, Jan-Krzysztof"]
[Result "1/2-1/2"]
[WhiteTitle "GM"]
[BlackTitle "GM"]
[WhiteElo "2782"]
[BlackElo "2738"]
[WhiteFideId "13300474"]
[BlackFideId "1170546"]
[EventDate "2021.08.28"]

1. e4 e6 2. d4 d5 3. Nc3 Bb4 4. e5 c5 5. Bd2 Ne7 6. Nb5 Bxd2+ 7. Qxd2 O-O 8. c3
Bd7 9. Nf3 Bxb5 10. Bxb5 Qb6 11. Bd3 cxd4 12. cxd4 Nbc6 13. O-O Qb4 14. Rfd1
Qxd2 15. Rxd2 Rfc8 16. Kf1 h6 17. h4 h5 18. Ke2 Nb4 19. Bb1 Rc7 20. a3 Nbc6 21.
b4 b5 22. Bd3 a5 23. Rb1 axb4 24. axb4 Rb7 25. Rc2 Ra4 26. Rc5 Nxb4 27. Bxb5
Ra2+ 28. Kf1 Na6 29. Rcc1 Nc7 30. Bd3 Raa7 31. g3 g6 32. Rxb7 Rxb7 33. Rc5 Kg7
34. Ke2 Ra7 35. Ng5 Na8 36. Rb5 Nc7 37. Rb6 Na8 38. Ra6 Rxa6 39. Bxa6 Nb6 40.
Bb5 Nf5 41. Kd3 Kf8 42. Kc3 Nc8 43. Nh7+ Kg7 44. Nf6 Nce7 45. Bd3 Kf8 46. Bc2
Kg7 47. Ba4 Kf8 48. Nh7+ Kg7 49. Ng5 Kf8 50. Bc2 Kg7 51. Nf3 Nh6 52. Ne1 Ng4 53.
Nd3 Nf5 54. Bd1 Ngh6 55. Nc5 Ne7 56. Nd7 Nef5 57. Nf6 Kf8 58. Nh7+ Kg7 59. Nf6
Kf8 60. Nh7+ Kg7 61. Nf6 1/2-1/2

[Event "Aimchess US Rapid Prelim"]
[Site "chess24.com INT"]
[Date "2021.08.30"]
[Round "11.2"]
[White "Van Foreest, Jorden"]
[Black "Liang, Awonder"]
[Result "1-0"]
[WhiteTitle "GM"]
[BlackTitle "GM"]
[WhiteElo "2698"]
[BlackElo "2587"]
[WhiteFideId "1039784"]
[BlackFideId "2056437"]
[EventDate "2021.08.28"]

1. d4 d5 2. c4 c6 3. Nf3 Nf6 4. Nc3 dxc4 5. e4 b5 6. Be2 e6 7. a4 b4 8. e5 bxc3
9. exf6 cxb2 10. fxg7 Bxg7 11. Bxb2 Qa5+ 12. Nd2 Ba6 13. Rc1 O-O 14. O-O Nd7 15.
Bxc4 Bxc4 16. Nxc4 Qd5 17. Ne3 Qd6 18. Qf3 Rac8 19. Nc4 Qd5 20. Ba3 Qxf3 21.
gxf3 Rfd8 22. Be7 Bxd4 23. Bxd8 Rxd8 24. Na5 Ne5 25. f4 Bb6 26. fxe5 Bxa5 27.
Rxc6 Rd5 28. f4 Rd4 29. Kh1 Rxa4 30. Ra6 Ra3 31. Rxa7 Bb4 32. Rg1+ Kf8 33. Rb7
Bc5 34. Rb8+ Ke7 35. Rc1 Ra5 36. Rc8 Bb6 37. Rb1 Bd8 38. Rd1 Bb6 39. Rd6 Be3 40.
Rc7+ Ke8 41. Rc4 Ra2 42. Rd3 Bf2 43. Rc8+ Ke7 44. Rb3 Ra7 45. Rh8 Be1 46. Rd3
Ra4 47. Rdd8 f5 48. Rd1 Bf2 49. Rxh7+ Ke8 50. Rb1 1-0

[Event "Aimchess US Rapid Prelim"]
[Site "chess24.com INT"]
[Date "2021.08.30"]
[Round "11.4"]
[White "So, Wesley"]
[Black "Artemiev, Vladislav"]
[Result "0-1"]
[WhiteTitle "GM"]
[BlackTitle "GM"]
[WhiteElo "2772"]
[BlackElo "2704"]
[WhiteFideId "5202213"]
[BlackFideId "24101605"]
[EventDate "2021.08.28"]

1. e4 e5 2. Nf3 Nc6 3. Bb5 a6 4. Ba4 d6 5. O-O Bd7 6. c3 g6 7. d4 Bg7 8. Re1 Nf6
9. Bxc6 Bxc6 10. dxe5 Nxe4 11. exd6 O-O 12. dxc7 Qxc7 13. Be3 Rfe8 14. Nbd2 Rad8
15. Nd4 Bd5 16. Nxe4 Rxe4 17. Qd2 Rg4 18. g3 Re4 19. Bh6 Bxd4 20. cxd4 Rde8 21.
Rxe4 Rxe4 22. Rc1 Qd8 23. Qa5 Re8 24. Qxd8 Rxd8 25. Rc7 Bc6 26. g4 f5 27. gxf5
Rxd4 28. h3 Rd7 29. Rc8+ Kf7 30. Rf8+ Ke7 31. fxg6 Rd1+ 32. Kh2 Rh1+ 33. Kg3
Rg1+ 34. Kh4 Rxg6 35. Kh5 Rxh6+ 36. Kxh6 Kxf8 37. Kxh7 Kf7 38. h4 Bf3 0-1